Title in the Lyrics Quiz: 90's Rock - Statistics

General Stats
  • This quiz has been taken 200 times
    196 since last reset
  • The average score is 7 of 18
Answer Stats
Answer % Correct
Because maybe, You're gonna be the one that saves me, And after all, You're my {Wonderwall}
87%
{Black} {Hole} {Sun} Won't you come, and wash away the rain?
61%
She eyes me like a Pisces when I am weak, I've been locked inside your {Heart} {Shaped} {Box} for weeks
56%
Whoa, heaven let your light {Shine} down
56%
You could have it all, My empire of dirt, I will let you down, I will make you {Hurt}
46%
{Closing} {Time}, One last call for alcohol so finish your whiskey or beer
42%
Hello, I waited here for you {Everlong}, Tonight, I throw my self into and out of the red.
42%
'Cause I've got one {Hand} {in} {my} {Pocket}, And the other one is giving a peace sign
38%
{Karma} {Police}, arrest this man, He talks in maths, he buzzes like a fridge
35%
{Runaway} {Train} never going back, Wrong way on a one-way track,
34%
Yeah here come the {Rooster}, yeah, You know he ain't gonna die, No, no, no, ya know he ain't gonna die
33%
I smell {Sex} {and} {Candy} here, Who's that lounging in my chair, Who's that casting devious stares
31%
And I don't understand why I sleep all day, And I start to complain, That there's {No} {Rain}
30%
Don't call me {Daughter}, not fit to, The picture kept will remind me
30%
Oh, my life, Is changing everyday, In every possible way, And oh, my {Dreams}, It's never quite as it seems
20%
But you could hide beside me, Maybe for a while, And I won't tell no one your {Name}
16%
{A} {Long} {December} and there's reason to believe, Maybe this year will be better than the last
13%
That life can change, That you're not stuck in vain, We're not the same, We're different {Tonight} {Tonight}
4%
No matching quizzes found
Score Distribution
Percent of People with Each Score
Percentile by Number Answered
Your Score History
You have not taken this quiz since the last reset